| 000 | 01303cab a2200289 4500 | ||
|---|---|---|---|
| 001 | ABS51846 | ||
| 008 | 090401t1994 xxu||||| |||| 00| 0 eng d | ||
| 035 | _a(Sirsi) u46525 | ||
| 041 | _aeng | ||
| 100 | _aBaker, S.A. | ||
| 245 | _aStructural value | ||
| 260 | _c1994 | ||
| 350 | _a0 | ||
| 490 |
_aThe Impugner (RICS Rating Diploma Holders` Section) _vNovember 1994, (39) |
||
| 520 | _aSpecial edition on structural value, including articles examining accounts of the method through successive editions of "Rating Valuation Practice", notes from Peter Brown`s lecture on structural value and an examination of stage five. Also highlights the decision in "Dorothy Perkins Retail Ltd v P McD J Casey (VO)" in which a distinction between a) amortisation for a virtual rent calculation and b) valuation on the contractor`s basis was rejected and the statutory decapitalisation rate applied in perpetuity to plant with a limited life. | ||
| 650 | _aAMORTISATION | ||
| 650 | _aCONTRACTORS TEST | ||
| 650 | _aDOROTHY PERKINS RETAIL LTD V P MCD J CASEY VO | ||
| 650 | _aEFFECTIVE CAPITAL VALUE | ||
| 650 | _aRATING VALUATION | ||
| 650 | _aSCOTLAND | ||
| 650 | _aSTRUCTURAL VALUE METHOD | ||
| 650 | _aVIRTUAL RENTS | ||
| 690 | _aRATING AND VALUATION | ||
| 942 | _n0 | ||
| 948 | _c04/03/1997 | ||
| 999 |
_c29439 _d29439 |
||